000 00565nam a2200205Ia 4500
001 5254
003 GE_BSU
008 181216s||||||||xx |||||||||||||| ||und||
040 _cGE_BSU
080 _a51(072)
100 _aБалк М. Б. и Балк Г. Д.
245 _aМатематика после уроков.
245 _bПособие для учителей.
260 _aМосква.
260 _bПросвещение
260 _c1971
300 _a461 с. 22см.
653 _aМатематика после уроков.
942 _cBK
999 _c38844
_d38844